| 000 | 00971nam a2200205 a 4500 | ||
|---|---|---|---|
| 001 | 000875307 | ||
| 003 | AM-YeHGA | ||
| 005 | 20250617145236.0 | ||
| 008 | 120316s1973 ||| r 000 0 rus d | ||
| 040 | _aAM-YeHGA | ||
| 041 | 0 | _arus | |
| 100 | 1 | _aКричевская, Алиса Александровна | |
| 245 | 1 | 0 |
_aАзотистый метаболизм мозга : _bПревращение свободных аминокислот: Лекция для студентов-биохимиков / _cА.А. Кричевская, В.С. Шугалей; Рост. гос. ун-т. |
| 260 |
_aРостов-на-Дону : _bИзд-во Рост. ун-та, _c1973. |
||
| 300 |
_a24 с. : _bил. |
||
| 653 | 0 | _aАминокислоты - Содержание в организме | |
| 700 | 1 | _aШугалей, Валентина Степановна | |
| 710 | 2 | _aРостовский государственный университет | |
| 090 | _c310312 | ||
| 999 |
_c308601 _d308601 |
||